000 00546nam a2200181 a 4500
005 20140412111238.0
008 001120s19uu xx 00 eng d
020 _a971-08-4373-7
050 _aTR(GS 372.8
_bRIV
100 _aRivera, Aquilino R.
245 _aPhysical fitness in today's school /
_cAquilino R. Rivera.
260 _aManila, Phil :
_bNational Book Store, Inc,
_c1986.
300 _a86 p.
650 _aPhysical fitness -- study and teaching
650 _aPhysical education
650 _aMovement education
999 _c102580
_d102580